Dare not linger : (Record no. 4102)

MARC details
000 -LEADER
fixed length control field 03315cam a2200385 i 4500
001 - CONTROL NUMBER
control field 4102
003 - CONTROL NUMBER IDENTIFIER
control field FISKH
005 - DATE AND TIME OF LATEST TRANSACTION
control field 20240606155727.0
008 - FIXED-LENGTH DATA ELEMENTS--GENERAL INFORMATION
fixed length control field 240606b cb ||||| |||| 00| 0 eng d
010 ## - LIBRARY OF CONGRESS CONTROL NUMBER
LC control number 2017036979
020 ## - INTERNATIONAL STANDARD BOOK NUMBER
International Standard Book Number 9780374134716 (hardcover)
020 ## - INTERNATIONAL STANDARD BOOK NUMBER
Canceled/invalid ISBN 9780374717735 (ebook)
040 ## - CATALOGING SOURCE
Original cataloging agency DLC
Language of cataloging eng
Transcribing agency DLC
Description conventions rda
Modifying agency DLC
042 ## - AUTHENTICATION CODE
Authentication code pcc
043 ## - GEOGRAPHIC AREA CODE
Geographic area code f-sa---
050 00 - LIBRARY OF CONGRESS CALL NUMBER
Classification number DT1974
Item number .M327 2017
082 00 - DEWEY DECIMAL CLASSIFICATION NUMBER
Classification number 968.07/1092
-- B
Edition number 23
100 1# - MAIN ENTRY--PERSONAL NAME
Personal name Mandela, Nelson,
Dates associated with a name 1918-2013,
Relator term author.
245 10 - TITLE STATEMENT
Title Dare not linger :
Remainder of title the presidential years /
Statement of responsibility, etc. Nelson Mandela and Mandla Langa ; with a prologue by Graça Machel.
264 #1 - PRODUCTION, PUBLICATION, DISTRIBUTION, MANUFACTURE, AND COPYRIGHT NOTICE
Place of production, publication, distribution, manufacture London :
Name of producer, publisher, distributor, manufacturer MacMillan,
Date of production, publication, distribution, manufacture, or copyright notice 2017.
300 ## - PHYSICAL DESCRIPTION
Extent xix, 358 pages, 24 unnumbered pages of plates :
Other physical details illustrations (chiefly color) ;
Dimensions 24 cm
336 ## - CONTENT TYPE
Content type term text
Content type code txt
Source rdacontent
337 ## - MEDIA TYPE
Media type term unmediated
Media type code n
Source rdamedia
338 ## - CARRIER TYPE
Carrier type term volume
Carrier type code nc
Source rdacarrier
504 ## - BIBLIOGRAPHY, ETC. NOTE
Bibliography, etc. note Includes bibliographical references and index.
505 0# - FORMATTED CONTENTS NOTE
Formatted contents note The challenge of freedom -- Negotiating democracy -- A free and fair election -- Getting into the union buildings -- National unity -- The presidency and the Constitution -- Parliament -- Traditional leadership and democracy -- Transformation of the state -- Reconciliation -- Social and economic transformation -- Negotiating the media -- On the African and world stages -- Epilogue.
520 ## - SUMMARY, ETC.
Summary, etc. "'I have discovered the secret that after climbing a great hill, one only finds that there are many more hills to climb. I have taken a moment here to rest, to steal a view of the glorious vista that surrounds me, to look back on the distance I have come. But I can rest only for a moment, for with freedom come responsibilities, and I dare not linger, for my long walk is not yet ended.'--Nelson Mandela, Long Walk to Freedom. In 1994, Nelson Mandela became the first president of a democratic South Africa. From the outset, he was committed to serving only a single five-year term. During his presidency, he and his government ensured that all of South Africa's citizens became equal before the law, and he laid the foundation for turning a country riven by centuries of colonialism and apartheid into a fully functioning democracy. Dare Not Linger is the story of Mandela's presidential years, drawing heavily on the memoir he began to write as he prepared to leave office, but was unable to finish. Now the acclaimed South African writer Mandla Langa has completed the task, using Mandela's unfinished draft, detailed notes that Mandela made as events were unfolding, and a wealth of unseen archival material. With a prologue by Mandela's widow, Graça Machel, the result is a vivid and often inspirational account of Mandela's presidency and the creation of a new democracy. It tells the story of a country in transition and the challenges Mandela faced as he strove to make his vision for a liberated South Africa a reality."--Dust jacket flap.
600 10 - SUBJECT ADDED ENTRY--PERSONAL NAME
Personal name Mandela, Nelson,
Dates associated with a name 1918-2013.
650 #0 - SUBJECT ADDED ENTRY--TOPICAL TERM
Topical term or geographic name entry element Presidents
Geographic subdivision South Africa
Form subdivision Biography.
651 #0 - SUBJECT ADDED ENTRY--GEOGRAPHIC NAME
Geographic name South Africa
General subdivision Politics and government
Chronological subdivision 1994-
700 1# - ADDED ENTRY--PERSONAL NAME
Personal name Langa, Mandla,
Dates associated with a name 1950-
Relator term author.
906 ## - LOCAL DATA ELEMENT F, LDF (RLIN)
a 7
b cbc
c orignew
d 1
e ecip
f 20
g y-gencatlg
942 ## - ADDED ENTRY ELEMENTS (KOHA)
Source of classification or shelving scheme Dewey Decimal Classification
Koha item type Books
Suppress in OPAC No
Holdings
Withdrawn status Lost status Source of classification or shelving scheme Damaged status Not for loan Collection Home library Current library Shelving location Date acquired Total Checkouts Full call number Barcode Date last seen Price effective from Koha item type Public note
    Dewey Decimal Classification     Non-Fiction Footprints International School Library Network Toul Kork Campus Footprints International School Library Network Toul Kork Campus A TK Campus, 4th Floor, Room B401, Non-Fiction Bookcases(7-8) 06/06/2024   MAN 968.07 DT1974.M327 2024-0827 06/06/2024 06/06/2024 Books Donated by Open Book Library #1, Phnom Penh